Statistiche per Marcatori dell'Inter in UEFA Champions League 2009-2010

Clicka qui per fare il quiz!

Statistiche generali

  • Questo quiz è stato fatto 15 volte
  • Il punteggio medio è 16 su 17

Statistiche sulle risposte

PartitaMinutoMarcatore% Corretto
Dinamo Kiev - Inter 1-286'Diego Milito
100%
Inter - Barcellona 3-161'Diego Milito
100%
Inter - Chelsea 2-13'Diego Milito
100%
Inter - CSKA Mosca 1-065'Diego Milito
100%
Inter - Barcellona 3-148'Maicon
100%
Chelsea - Inter 0-178'Samuel Eto'o
100%
Inter - Rubin Kazan' 2-031'Samuel Eto'o
100%
Bayern Monaco - Inter 0-270'Diego Milito
93%
Bayern Monaco - Inter 0-234'Diego Milito
93%
Inter - Chelsea 2-156'Esteban Cambiasso
93%
Inter - Rubin Kazan' 2-064'Mario Balotelli
93%
CSKA Mosca - Inter 0-16'Wesley Sneijder
93%
Inter - Barcellona 3-130'Wesley Sneijder
93%
Dinamo Kiev - Inter 1-289'Wesley Sneijder
93%
Inter - Dinamo Kiev 2-235'Dejan Stanković
86%
Rubin Kazan' - Inter 1-127'Dejan Stanković
86%
Inter - Dinamo Kiev 2-247'Walter Samuel
86%

Distribuzione punteggi

Percentile per numero di risposta

Percentuale di utenti per punteggio

I tuoi punteggi nel tempo

Non hai fatto questo quiz